| 000 | 00527nam a2200181 a 4500 | ||
|---|---|---|---|
| 001 | 2653 | ||
| 003 | CDMR | ||
| 005 | 20130502195232.0 | ||
| 008 | 130130s1971||||||||||||||||||||||||||||d | ||
| 040 |
_aCDMR _bcat _cCDMR |
||
| 100 | 1 |
_aWilliams, Raymond _9472 |
|
| 245 | 1 | 4 |
_aLos medios de comunicación social _cRaymond Williams ; trad. Manuel Carbonell |
| 250 | _a1a ed. | ||
| 260 |
_aBarcelona _c1971 _bPenínsula |
||
| 490 | 0 |
_aHistoria, ciencia, sociedad _v76 |
|
| 650 | 0 | 4 |
_93082 _aMitjans de comunicació social |
| 942 |
_cMON _2udc |
||
| 999 |
_c2653 _d2653 |
||